000 00639cam a2200133 4500500
005 20260111091250.0
041 _afre
042 _adc
245 0 0 _aJean-Paul II et les évêques de France. Visites ad limina (24 nov. 2003 –28 février 2004), préf. Mgr J.-P. Ricard, coll. Documents d’Église, Paris, Bayard / Fleurus-Mame / Cerf, 2004, 22x15, 172 p., 20 €. ISBN 2-227-47422-X
260 _c2005.
500 _a1
786 0 _nNouvelle revue théologique | 127 | 4 | 2005-12-15 | p. 623f-626f | 0029-4845
856 4 1 _uhttps://shs.cairn.info/revue-nouvelle-revue-theologique-2005-4-page-623f?lang=fr&redirect-ssocas=7080
999 _c1620763
_d1620763